Η Θράκη και οι άλλοι : ιχνηλατώντας τα πολιτισμικά όρια και την ιστορική μνήμη
Αποθηκεύτηκε σε:
| Κύριος συγγραφέας: | |
|---|---|
| Μορφή: | Βιβλίο |
| Γλώσσα: | Greek |
| Δημοσίευση: |
[Αθήνα] :
Οδυσσέας,
[2007]
|
| Θέματα: | |
| Ετικέτες: |
Προσθήκη ετικέτας
Δεν υπάρχουν, Καταχωρήστε ετικέτα πρώτοι!
|
MARC
| LEADER | 00000nam a2200000 i 4500 | ||
|---|---|---|---|
| 001 | 1/69680 | ||
| 008 | 080109s2007 gre d | ||
| 020 | |a 978-960-210-517-7 | ||
| 035 | |l 10093479 | ||
| 040 | |a GR-MY-UA |b gre |e aacr | ||
| 041 | 0 | |a gre | |
| 082 | 0 | |a 938.95 | |
| 100 | 1 | |a Αυδίκος, Βαγγέλης Γρ., |d 1951- | |
| 245 | 1 | 2 | |a Η Θράκη και οι άλλοι : |b ιχνηλατώντας τα πολιτισμικά όρια και την ιστορική μνήμη / |c Ευάγγελος Γρ. Αυδίκος |
| 260 | |a [Αθήνα] : |b Οδυσσέας, |c [2007] | ||
| 300 | |a 255 σ.; |c 21 εκ. | ||
| 504 | |a Βιβλιογραφία: σ. [229]-245. Ευρετήριο | ||
| 651 | 0 | |a Thrace |x History. | |
| 651 | 0 | |a Thrace |x Social life and customs. | |
| 852 | |a INST |b RHODES |e 20080109 |h 938.95 ΑΥΔ |p 005400030299 |q 005400030299 |t BK |y 0 | ||
| 901 | |a BIBL4-2008-1 | ||
| 909 | |a Ρ |b 141711 | ||
| 922 | |a 4ΕΛΗ |b 200711 |c ΕΠΕΑΕΚ2/ΠΤΔΕ |d Σ. ΠΑΤΑΚΗΣ | ||
| 970 | |a ΚΟΖΑ |b ΜΑΡΙΑ |z 2008/01/09 | ||